20 meistgesprochene Sprachen (mit 2 Hinweisen) - Statistiken

Allgemein
  • Dieses Quiz wurde 16 mal gespielt
  • Das Durchschnittsergebnis liegt bei 9 aus 20
Antwortstatistiken
Rang Sprachfamilie Gesamtsprecher Sprache % Korrekt
12. Indogermanische Sprachen 160 Mio. Deutsch
100%
1. Indogermanische Sprachen 1.453 Mio. Englisch
100%
5. Indogermanische Sprachen 274 Mio. Französisch
88%
4. Indogermanische Sprachen 559 Mio. Spanisch
88%
8. Indogermanische Sprachen 258 Mio. Russisch
75%
3. Indogermanische Sprachen 610 Mio. Hindi
69%
6. Afroasiatische Sprachen 274 Mio. Hocharabisch
69%
13. Japanisch-Ryūkyū 125 Mio. Japanisch
63%
9. Indogermanische Sprachen 258 Mio. Portugiesisch
50%
17. Turksprachen 88 Mio. Türkisch
50%
2. Sinotibetische Sprachen 1.118 Mio. Mandarin-Chinesisch
38%
10. Indogermanische Sprachen 231 Mio. Urdu
38%
18. Dravidische Sprachen 86 Mio. Tamil
31%
11. Austronesische Sprachen 199 Mio. Indonesisch
25%
19. Sinotibetische Sprachen 86 Mio. Kantonesisch
25%
7. Indogermanische Sprachen 273 Mio. Bengalisch
19%
20. Austroasiatische Sprachen 86 Mio. Vietnamesisch
13%
15. Indogermanische Sprachen 99 Mio. Marathi
0%
14. Kreolsprache 121 Mio. Nigerianisches Pidgin
0%
16. Dravidische Sprachen 96 Mio. Telugu
0%
Keine übereinstimmenden Quizze gefunden
Verteilung der Resultate
Anzahl Personen mit jedem Resultat
Perzentil nach korrekt beantworteten Fragen
Ihre Resultats-Entwicklung
Sie haben dieses Quiz noch nicht gespielt